| 000 | 00444nam a2200169Ia 4500 | ||
|---|---|---|---|
| 008 | 230711s9999||||xx |||||||||||||| ||und|| | ||
| 020 | _a978-93-5202-992-1 | ||
| 041 | _aENG | ||
| 082 |
_a332.632 _bAV-S |
||
| 100 | _aAvadhani,V.A | ||
| 245 | 0 | _aSecurities analysis and portfolio management | |
| 250 | _a12th Ed. | ||
| 260 |
_c2016 _aMumbai _bHimalaya Publishing House |
||
| 300 | _a491p. | ||
| 650 | _aUNIVESITY BUSNIESS SCHOOL | ||
| 942 | _cBK | ||
| 999 |
_c5955 _d5955 |
||